Southville International School and Colleges
Your cart is empty.
  • Cart
  • Lists
    Public lists Eva Luna New books Lux_list list_1
    Your lists Log in to create your own lists
  • Log in to your account
  • Your cookies
  • Search history
Southville International School and Colleges
  • Advanced search
  • Recent comments
  • Most popular
  • Libraries

Log in to your account

Log in with GOOGLE


If you do not have an external account, but do have a local account, you can still log in:

  1. Home
  2. MARC view: Who was Ben Franklin? /
Normal view MARC view ISBD view

Who was Ben Franklin? / (Record no. 294947)

[ view plain ]
MARC details
000 -LEADER
fixed length control field 01571cam a22004215a 4500
001 - CONTROL NUMBER
control field 12766356
003 - CONTROL NUMBER IDENTIFIER
control field SISC
005 - DATE AND TIME OF LATEST TRANSACTION
control field 20160601102736.0
008 - FIXED-LENGTH DATA ELEMENTS--GENERAL INFORMATION
fixed length control field 020507s2002 nyuab j 000 0beng d
010 ## - LIBRARY OF CONGRESS CONTROL NUMBER
LC control number 2002280612
020 ## - INTERNATIONAL STANDARD BOOK NUMBER
International Standard Book Number 9780448424958
035 ## - SYSTEM CONTROL NUMBER
System control number (OCoLC)ocm49211684
040 ## - CATALOGING SOURCE
Original cataloging agency VVW
Transcribing agency VVW
Modifying agency CPL
-- DLC
042 ## - AUTHENTICATION CODE
Authentication code lccopycat
043 ## - GEOGRAPHIC AREA CODE
Geographic area code n-us---
050 00 - LIBRARY OF CONGRESS CALL NUMBER
Classification number E 302.6. F8
Item number F725 2002
100 1# - MAIN ENTRY--PERSONAL NAME
Personal name Fradin, Dennis B.
245 10 - TITLE STATEMENT
Title Who was Ben Franklin? /
Statement of responsibility, etc by Dennis Brindell Fradin ; illustrated by John O'Brien.
246 30 - VARYING FORM OF TITLE
Title proper/short title Ben Franklin
260 ## - PUBLICATION, DISTRIBUTION, ETC. (IMPRINT)
Place of publication, distribution, etc New York :
Name of publisher, distributor, etc Grosset & Dunlap,
Date of publication, distribution, etc c2002.
300 ## - PHYSICAL DESCRIPTION
Extent 105 p. :
Other physical details ill., maps ;
Dimensions 20 cm.
440 #0 - SERIES STATEMENT/ADDED ENTRY--TITLE
Title Who was-- ?
520 ## - SUMMARY, ETC.
Summary, etc A biography of the eighteenth-century printer, publisher, inventor, scientist, and statesman who played an influential role in the early history of the United States.
600 10 - SUBJECT ADDED ENTRY--PERSONAL NAME
Personal name Franklin, Benjamin,
Dates associated with a name 1706-1790
Form subdivision Juvenile literature.
600 11 - SUBJECT ADDED ENTRY--PERSONAL NAME
Personal name Franklin, Benjamin,
Dates associated with a name 1706-1790.
650 #0 - SUBJECT ADDED ENTRY--TOPICAL TERM
Topical term or geographic name as entry element Statesmen
Geographic subdivision United States
Form subdivision Biography
-- Juvenile literature.
650 #0 - SUBJECT ADDED ENTRY--TOPICAL TERM
Topical term or geographic name as entry element Scientists
Geographic subdivision United States
Form subdivision Biography
-- Juvenile literature.
650 #0 - SUBJECT ADDED ENTRY--TOPICAL TERM
Topical term or geographic name as entry element Inventors
Geographic subdivision United States
Form subdivision Biography
-- Juvenile literature.
650 #0 - SUBJECT ADDED ENTRY--TOPICAL TERM
Topical term or geographic name as entry element Printers
Geographic subdivision United States
Form subdivision Biography
-- Juvenile literature.
650 #1 - SUBJECT ADDED ENTRY--TOPICAL TERM
Topical term or geographic name as entry element Statesmen.
650 #1 - SUBJECT ADDED ENTRY--TOPICAL TERM
Topical term or geographic name as entry element Scientists.
650 #1 - SUBJECT ADDED ENTRY--TOPICAL TERM
Topical term or geographic name as entry element Inventors.
650 #1 - SUBJECT ADDED ENTRY--TOPICAL TERM
Topical term or geographic name as entry element Printers.
700 1# - ADDED ENTRY--PERSONAL NAME
Personal name O'Brien, John,
Dates associated with a name 1953-
Relator term ill.
906 ## - LOCAL DATA ELEMENT F, LDF (RLIN)
a 7
b cbc
c copycat
d 2
e ncip
f 20
g y-gencatlg
942 ## - ADDED ENTRY ELEMENTS (KOHA)
Source of classification or shelving scheme Library of Congress Classification
Koha item type Books
Holdings
Withdrawn status Lost status Source of classification or shelving scheme Damaged status Home library Current library Shelving location Date acquired Source of acquisition Total Checkouts Full call number Barcode Date last seen Date checked out Price effective from Koha item type
    Library of Congress Classification   Luxembourg Library Luxembourg Library Reference Section 05/24/2016 Library Fund 1 E 302.6. F8 F725 2002 20149 03/21/2017 03/17/2017 05/24/2016 Books

Who was Ben Franklin? /

APA

Fradin D. B., O'Brien J., . (2002). Who was Ben Franklin?. New York: Grosset & Dunlap.

Chicago

Fradin Dennis B, O'Brien John, . 2002. Who was Ben Franklin?. New York: Grosset & Dunlap.

Harvard

Fradin D. B., O'Brien J., . (2002). Who was Ben Franklin?. New York: Grosset & Dunlap.

MLA

Fradin Dennis B, O'Brien John, . Who was Ben Franklin?. New York: Grosset & Dunlap. 2002.

  • Place hold
  • Print
  • Cite
  • Add to your cart (remove)
  • Save record
    BIBTEX Dublin Core MARCXML MARC (non-Unicode/MARC-8) MARC (Unicode/UTF-8) MARC (Unicode/UTF-8, Standard) MODS (XML) RIS
  • More searches
    Search for this title in:
    Other Libraries (WorldCat) Other Databases (Google Scholar) Online Stores (Bookfinder.com) Open Library (openlibrary.org)

Exporting to Dublin Core...

SOUTHVILLE LIBRARY

Southville International School and Colleges Library

1281 Tropical Ave. Cor. Luxembourg St., BF Homes International, Las Pinas City

Tel. No. 8256374 / 252358 Loc. 117/146

Powered by Koha